000 00700nam a2200217Ia 4500
003 CO-CtgCURN
005 20250407223911.0
008 190723s9999 xx 000 0 und d
020 _a9789586537612
040 _aCO-CtgCURN
_bspa
_ccoctgcurn
082 _a343.052
_bG943
110 _aLegis
245 0 _aGuia Legis para la declaracion de renta :
_b2009 /
_cLegis
260 _aBogotá, Colombia :
_bLegis,
_c2009
300 _a248 páginas ;
_c26 centímetros
521 _aAREA PROFESIONAL
590 _aPrograma de Derecho_18
650 _aImpuestos sobre la renta
942 _cBK
_h343.052
_iG943
_2ddc
_n0
999 _c28592
_d28592